000 00315nam a2200133Ia 4500
008 151001s9999||||xx |||||||||||||| ||und||
100 _aऊ ज शेळके
245 _aवळणावरच वय
250 _a1
260 _bललित वैभव
260 _c1967
300 _a297
365 _b7
999 _c954344
_d954341